000 00502nam a2200169Ia 4500
003 IN-BaIIA
008 211028s9999 xx 000 0 eng d
020 _a0-900414-28-6
040 _cIIA Library
080 _a77(058)
_bBJP-83
245 0 _aBritish journal of photography annual 1983
_cedited by Geoffrey Crawley
260 _aLondon
_bHenry Greenwood
_c1982
300 _a220p.
650 _aPhotography
700 _aCrawley, Geoffrey .,ed.
_96931
942 _cBK
999 _c7780
_d7780